[Event "Julian Mazur Memorial"]
[Site "Wellington Chess Club"]
[Date "2025.08.21"]
[Round "4"]
[White "Harris, Adam"]
[Black "Kovacev, Nicholas"]
[Result "1-0"]
[WhiteElo "1604"]
[BlackElo "1684"]
[WhiteFideId "4325648"]
[BlackFideId "4329740"]
[PlyCount "105"]
[SourceVersionDate "2025.08.23"]
[AlgoUpdates "WhiteFideId=loc-match BlackFideId=loc-match"]

1. e4 e6 2. d4 d5 3. e5 c5 4. c3 Nc6 5. Nf3 Qb6 6. a3 Nge7 7. Bd3 Bd7 8. Bc2
Nf5 9. Bxf5 exf5 10. O-O Be7 11. b4 c4 12. Re1 O-O 13. Bf4 Nd8 14. Qd2 f6 15.
exf6 Bxf6 16. Ne5 Be8 17. Qc2 Bxe5 18. Rxe5 Qg6 19. h3 Qh5 20. Nd2 Rf6 21. Rae1
Nc6 22. Rxd5 g5 23. Be5 Nxe5 24. Rdxe5 f4 25. Nf3 Bg6 26. Qe2 Bd3 27. Re8+ Rxe8
28. Qxe8+ Qxe8 29. Rxe8+ Rf8 30. Rxf8+ Kxf8 31. Nxg5 Ke7 32. Nf3 Ke6 33. Ne5
Kd5 34. f3 h5 35. Kf2 h4 36. a4 a6 37. a5 Ke6 38. Nxd3 cxd3 39. Ke1 Kd5 40. Kd2
Kc4 41. d5 Kxd5 42. Kxd3 Ke5 43. Kc4 Kd6 44. Kd4 Kc6 45. c4 b5 46. axb6 Kxb6
47. Kd5 Kc7 48. Kc5 Kb7 49. Kd6 Kb6 50. c5+ Kb7 51. Kd7 a5 52. bxa5 Kb8 53. c6
1-0

[Event "Julian Mazur Memorial"]
[Site "Wellington Chess Club"]
[Date "2025.08.21"]
[Round "4"]
[White "Webley, Carl"]
[Black "Pham, Luca"]
[Result "1-0"]
[WhiteElo "1092"]
[BlackElo "812"]
[PlyCount "63"]
[SourceVersionDate "2025.08.23"]

1. e4 e5 2. Nf3 Nf6 3. d3 Nc6 4. Nc3 Bb4 5. d4 d6 6. d5 Nb8 7. Be2 Bxc3+ 8.
bxc3 Nxe4 9. c4 c5 10. O-O h6 11. Bd3 f5 12. Bxe4 fxe4 13. Nd2 Bf5 14. Qe2 e3
15. fxe3 Bxc2 16. e4 Qe7 17. Qh5+ Kd8 18. Rf7 Qe8 19. Qh4+ g5 20. Qf2 Bxe4 21.
Nxe4 Nd7 22. Nxd6 Qg8 23. Qf5 Qxf7 24. Nxf7+ Kc7 25. Nxh8 Kb8 26. Qxd7 b6 27.
Qc6 h5 28. Nf7 a5 29. Nxe5 Ka7 30. Nd7 Rc8 31. Qxb6+ Ka8 32. Qa6# 1-0

[Event "Julian Mazur Memorial"]
[Site "Wellington Chess Club"]
[Date "2025.08.21"]
[Round "4"]
[White "Ravi, Vrajesh"]
[Black "Hao, John"]
[Result "1/2-1/2"]
[WhiteFideId "4326407"]
[BlackFideId "4326377"]
[WhiteElo "1032"]
[BlackElo "1228"]
[PlyCount "115"]
[SourceVersionDate "2025.08.23"]
[AlgoUpdates "WhiteFideId=loc-match BlackFideId=loc-match"]

1. e4 e5 2. Nf3 Nf6 3. Nxe5 Nxe4 4. Qe2 Qe7 5. Qxe4 d6 6. Bb5+ c6 7. Bd3 Qxe5
8. Qxe5+ dxe5 9. O-O Bd6 10. Nc3 O-O 11. Ne4 Bc7 12. Bc4 Bf5 13. f3 Nd7 14. d3
Bb6+ 15. Kh1 Bxe4 16. fxe4 h6 17. Bd2 Nf6 18. Bc3 Rfe8 19. Rf5 Bd4 20. Bxd4
exd4 21. e5 Nd5 22. Bxd5 cxd5 23. h3 g6 24. Rf4 Rxe5 25. Rxd4 Rc8 26. c3 h5 27.
Rf1 Rce8 28. Rdf4 R8e7 29. g4 hxg4 30. Rxg4 Re2 31. Rg2 Rxg2 32. Kxg2 Re2+ 33.
Rf2 Rxf2+ 34. Kxf2 Kf8 35. Kf3 Ke7 36. Kf4 Kf6 37. c4 Ke6 38. cxd5+ Kxd5 39.
Ke3 g5 40. b4 f5 41. a4 a6 42. a5 Ke5 43. d4+ Kd5 44. Kd3 f4 45. Kc3 f3 46. Kd3
f2 47. Ke2 f1=Q+ 48. Kxf1 Kxd4 49. Kf2 Ke4 50. Kg3 Ke5 51. Kg4 Kf6 52. Kf3 Kf5
53. Kg3 Kg6 54. Kg4 Kf6 55. Kf3 Kf5 56. Kg3 Kg6 57. Kg4 Kf6 58. Kf3 1/2-1/2

[Event "Julian Mazur Memorial"]
[Site "Wellington Chess Club"]
[Date "2025.08.21"]
[Round "4"]
[White "Lieser, Joshua"]
[Black "Grant, Elliot"]
[Result "1/2-1/2"]
[WhiteFideId "4326385"]
[BlackFideId "4329120"]
[WhiteElo "1663"]
[BlackElo "1583"]
[PlyCount "63"]
[SourceVersionDate "2025.08.23"]
[AlgoUpdates "WhiteFideId=loc-match BlackFideId=loc-match"]

1. e4 e6 2. d4 d5 3. exd5 exd5 4. Bf4 Bd6 5. Bxd6 Qxd6 6. c3 Nf6 7. Nf3 O-O 8.
Bd3 Re8+ 9. Be2 Bf5 10. O-O Nbd7 11. Bd3 Be4 12. h3 Rad8 13. Bc2 Qf4 14. Nbd2
Bxc2 15. Qxc2 Ne4 16. Rfe1 Ndf6 17. Re3 Nxd2 18. Qxd2 Rxe3 19. Qxe3 Qxe3 20.
fxe3 Ne4 21. Re1 f6 22. g4 g5 23. Kg2 Kf7 24. Rf1 Kg6 25. h4 Re8 26. hxg5 Nxg5
27. Nh4+ Kf7 28. Nf5 Kg6 29. Rh1 a5 30. a3 b5 31. Rh6+ Kf7 32. Kg3 1/2-1/2

[Event "Julian Mazur Memorial"]
[Site "Wellington Chess Club"]
[Date "2025.08.21"]
[Round "4"]
[White "Hamilton, Marcus"]
[Black "Dey, Kyle"]
[Result "0-1"]
[BlackFideId "4326369"]
[WhiteElo "1094"]
[BlackElo "850"]
[PlyCount "52"]
[SourceVersionDate "2025.08.23"]
[AlgoUpdates "BlackFideId=loc-match"]

1. e4 e5 2. Nf3 Nc6 3. Bb5 Nge7 4. O-O d6 5. d3 a6 6. Bc4 Bg4 7. Nc3 Nd4 8. h3
Nxf3+ 9. gxf3 Bxh3 10. Re1 Ng6 11. Nd5 Nf4 12. Nxc7+ Qxc7 13. Bxf4 exf4 14. Qd2
d5 15. exd5+ Be7 16. Rxe7+ Kxe7 17. Qb4+ Kd8 18. d6 Qc6 19. Qa5+ b6 20. Qe5 Re8
21. Qg5+ f6 22. Qxf4 Qc5 23. Kh2 Qh5 24. Kg3 Re5 25. Qh4 Rg5+ 26. Kxh3 Qxf3+
0-1

[Event "Julian Mazur Memorial"]
[Site "Wellington Chess Club"]
[Date "2025.08.21"]
[Round "4"]
[White "Farrokh, Hoorad"]
[Black "Pham, Anthony"]
[Result "1-0"]
[WhiteFideId "4331281"]
[BlackFideId "2645599"]
[WhiteElo "1494"]
[BlackElo "1004"]
[PlyCount "57"]
[SourceVersionDate "2025.08.23"]
[AlgoUpdates "WhiteFideId=loc-match BlackFideId=fide-match"]

1. c4 e5 2. g3 c5 3. Bg2 Nf6 4. Nc3 Be7 5. Nf3 O-O 6. O-O d6 7. d3 Nc6 8. Bg5
h6 9. Bxf6 Bxf6 10. Nd5 Be6 11. Nd2 Ne7 12. Nxf6+ gxf6 13. Rb1 a5 14. Bxb7 Rb8
15. Bg2 Kg7 16. f4 Rg8 17. e4 f5 18. Qh5 Kf8 19. Qxh6+ Ke8 20. Qh5 Kd7 21. fxe5
dxe5 22. exf5 Bxf5 23. Rxf5 Nxf5 24. Qxf5+ Kd6 25. Ne4+ Kc6 26. Nf6+ Kd6 27.
Nxg8 Qxg8 28. Re1 Re8 29. Qf6+ 1-0

[Event "Julian Mazur Memorial"]
[Site "Wellington Chess Club"]
[Date "2025.08.21"]
[Round "4"]
[White "Li, Hanson"]
[Black "Farrington, Lawrence"]
[Result "1/2-1/2"]
[WhiteFideId "4331010"]
[BlackFideId "4301749"]
[WhiteElo "1093"]
[BlackElo "1593"]
[PlyCount "97"]
[SourceVersionDate "2025.08.23"]
[AlgoUpdates "WhiteFideId=loc-match BlackFideId=loc-sur-for"]

1. e4 e6 2. d4 d5 3. e5 c5 4. Nf3 Nc6 5. Bd3 Qb6 6. Be3 Bd7 7. c3 cxd4 8. cxd4
Qxb2 9. Nbd2 Qb6 10. Rb1 Qc7 11. O-O Nge7 12. Nb3 Nc8 13. Qe2 Nb6 14. Rfc1 Qd8
15. Nc5 Rb8 16. Nxd7 Nxd7 17. Rc2 Be7 18. Rcb2 a6 19. Rxb7 Qa5 20. Bxa6 O-O 21.
Rxb8 Rxb8 22. Rxb8+ Ndxb8 23. Bd3 Nb4 24. Bb1 h6 25. Qb2 Qc7 26. h3 Nd7 27. a3
Na6 28. Qa2 Nb6 29. a4 Nc4 30. Bd3 Nb4 31. Qb3 Nxe3 32. fxe3 Qc1+ 33. Kf2 Nxd3+
34. Qxd3 Qb2+ 35. Kg3 Qb6 36. Qb5 Qxb5 37. axb5 Bd8 38. Kf2 Kf8 39. Ke2 Ke7 40.
Kd3 Ba5 41. Kc2 Kd7 42. Kb3 Kc7 43. Ka4 Kb6 44. g4 g5 45. h4 gxh4 46. Nxh4 Bd2
47. Ng2 Bc1 48. Kb4 Bd2+ 49. Ka4 1/2-1/2

[Event "Julian Mazur Memorial"]
[Site "Wellington Chess Club"]
[Date "2025.08.21"]
[Round "4"]
[White "Asher, Bruce"]
[Black "Brockway, Andrew"]
[Result "0-1"]
[BlackFideId "4301340"]
[WhiteElo "1200"]
[BlackElo "1593"]
[PlyCount "92"]
[SourceVersionDate "2025.08.23"]
[AlgoUpdates "BlackFideId=loc-match"]

1. e4 c6 2. Nc3 d5 3. d4 dxe4 4. Nxe4 Nd7 5. Nf3 Ngf6 6. Bd3 Nxe4 7. Bxe4 Nf6
8. Qe2 Bg4 9. h3 Bxf3 10. Bxf3 Qxd4 11. O-O e6 12. c3 Qb6 13. Bf4 Be7 14. b4
O-O 15. Rab1 Nd5 16. Bxd5 cxd5 17. Rfd1 Bf6 18. Rd3 Rac8 19. Be5 Bxe5 20. Qxe5
Qc7 21. Qd4 Qc4 22. Qxc4 Rxc4 23. b5 Rfc8 24. Rb3 b6 25. g3 Kf8 26. f4 g6 27.
Kg2 h5 28. Kf3 Kg7 29. Re3 Kf6 30. h4 Ra4 31. a3 Rc5 32. g4 hxg4+ 33. Kxg4 Ra5
34. c4 Rxc4 35. Re5 Raa4 36. Rb4 Raxb4 37. axb4 Rxb4 38. h5 gxh5+ 39. Rxh5 Rxb5
40. Rh6+ Ke7 41. Rh5 a5 42. f5 exf5+ 43. Rxf5 a4 44. Kg5 Rc5 45. Re5+ Kd6 46.
Rf5 d4 0-1

[Event "Julian Mazur Memorial"]
[Site "Wellington Chess Club"]
[Date "2025.08.21"]
[Round "4"]
[White "Saglam, Azra"]
[Black "Xu, Laura"]
[Result "1-0"]
[WhiteFideId "4320956"]
[BlackFideId "4328213"]
[WhiteElo "1554"]
[BlackElo "1664"]
[PlyCount "81"]
[SourceVersionDate "2025.08.23"]
[AlgoUpdates "WhiteFideId=loc-sur-for BlackFideId=loc-match"]

1. c4 e6 2. e4 c5 3. Nc3 b6 4. g3 Bb7 5. Bg2 Ne7 6. d4 cxd4 7. Qxd4 Nec6 8. Qd1
Ne5 9. b3 Bb4 10. Bb2 O-O 11. Nge2 Qf6 12. f4 Ng4 13. Bf3 Nh6 14. O-O Bc5+ 15.
Kg2 Qe7 16. Na4 f5 17. Nxc5 bxc5 18. exf5 Bxf3+ 19. Rxf3 exf5 20. Qd5+ Qe6 21.
Qxa8 Nc6 22. Qb7 Qxe2+ 23. Rf2 Qe4+ 24. Kg1 Ng4 25. Qxd7 Rf7 26. Qd5 Nxf2 27.
Kxf2 Qc2+ 28. Kf1 Qxb2 29. Re1 Kf8 30. Qxc6 Re7 31. Qc8+ Kf7 32. Qxf5+ Ke8 33.
Rxe7+ Kxe7 34. Qxc5+ Kd8 35. Qd5+ Kc8 36. Qe6+ Kb7 37. Qe7+ Kc6 38. Qe8+ Kb6
39. Qb5+ Kc7 40. Qe5+ Qxe5 41. fxe5 1-0

[Event "Julian Mazur Memorial"]
[Site "Wellington Chess Club"]
[Date "2025.08.21"]
[Round "4"]
[White "Nicholls, Leighton"]
[Black "Rose, Jim"]
[Result "1-0"]
[WhiteFideId "4303776"]
[BlackFideId "4326776"]
[WhiteElo "1912"]
[BlackElo "1373"]
[PlyCount "85"]
[SourceVersionDate "2025.08.23"]
[AlgoUpdates "WhiteFideId=loc-match BlackFideId=loc-match"]

1. e4 d6 2. d4 Nf6 3. Nc3 c6 4. f4 Qa5 5. Bd2 Qc7 6. Nf3 Bg4 7. a4 e5 8. Be2
Bxf3 9. Bxf3 exd4 10. Ne2 Qb6 11. a5 Qc7 12. Nxd4 Nbd7 13. O-O g6 14. c3 Bg7
15. Qc2 O-O 16. g3 Nc5 17. b4 Ne6 18. Be3 Nxd4 19. cxd4 Qd7 20. Kg2 Ng4 21. Bg1
Rab8 22. Rfc1 Rfc8 23. Ra3 b5 24. Rc3 c5 25. bxc5 dxc5 26. Rxc5 Rxc5 27. dxc5
Nf6 28. e5 Ne8 29. c6 Qc7 30. Qc5 Qxa5 31. Rc2 Qc7 32. Rd2 Bf8 33. Qxa7 b4 34.
Rd7 Qxa7 35. Bxa7 Rc8 36. Bd5 Nc7 37. Bxf7+ Kh8 38. Bb6 Na8 39. Bd4 Bg7 40. Bd5
Nc7 41. Bc4 h5 42. Bb6 b3 43. Bxc7 1-0

[Event "Julian Mazur Memorial"]
[Site "Wellington Chess Club"]
[Date "2025.08.21"]
[Round "4"]
[White "Saglam, Yigit"]
[Black "Panth, Kinshore"]
[Result "1-0"]
[WhiteElo "1832"]
[BlackElo "1154"]
[PlyCount "59"]
[SourceVersionDate "2025.08.23"]

1. e4 e5 2. Nf3 Nc6 3. Bc4 Nf6 4. Ng5 d5 5. exd5 Na5 6. d3 h6 7. Nf3 e4 8. Qe2
Qe7 9. dxe4 Qxe4 10. Qxe4+ Nxe4 11. Bd3 Nf6 12. c4 c6 13. Bd2 b6 14. b4 Nb7 15.
dxc6 Nd6 16. O-O Be6 17. Re1 g6 18. Ne5 Bg7 19. Nxg6 fxg6 20. Rxe6+ Kf8 21.
Rxd6 Ne4 22. Bxe4 Bxa1 23. Bc3 Bxc3 24. Nxc3 Rg8 25. c7 Kg7 26. Rxg6+ Kh8 27.
Rxh6+ Kg7 28. Rg6+ Kh8 29. Rxg8+ Kxg8 30. Bxa8 1-0

[Event "Julian Mazur Memorial"]
[Site "Wellington Chess Club"]
[Date "2025.08.21"]
[Round "4"]
[White "Winter, Ryan"]
[Black "Tan, Jin"]
[Result "1-0"]
[WhiteFideId "4306295"]
[BlackFideId "4320972"]
[WhiteElo "2196"]
[BlackElo "1623"]
[PlyCount "55"]
[SourceVersionDate "2025.08.23"]
[AlgoUpdates "WhiteFideId=loc-match BlackFideId=loc-match"]

1. e4 e5 2. Nf3 Nc6 3. Bb5 Nf6 4. d3 Bc5 5. O-O d6 6. c3 Qe7 7. d4 Nxe4 8. dxc5
Nxc5 9. Re1 Bd7 10. Be3 Ne6 11. c4 Na5 12. Bxd7+ Qxd7 13. b3 b6 14. Nc3 O-O 15.
Nxe5 Qd8 16. Nf3 Rb8 17. Nd4 Qf6 18. Nd5 Qd8 19. Rc1 c6 20. Nf4 Nxd4 21. Bxd4
Nb7 22. Qg4 g6 23. Nh5 f5 24. Qg3 Nc5 25. Bxc5 bxc5 26. Re6 Kh8 27. Qc3+ Kg8
28. Qg7# 1-0

[Event "Julian Mazur Memorial"]
[Site "Wellington Chess Club"]
[Date "2025.08.21"]
[Round "4"]
[White "Keith, Matthew"]
[Black "Jackson, L Ross"]
[Result "1-0"]
[WhiteFideId "4320913"]
[WhiteElo "1994"]
[BlackElo "1785"]
[PlyCount "39"]
[SourceVersionDate "2025.08.23"]
[AlgoUpdates "WhiteFideId=loc-match"]

1. e4 c5 2. Nf3 Nc6 3. d4 cxd4 4. Nxd4 Nf6 5. Nc3 d6 6. Bg5 e6 7. Qd2 a6 8.
O-O-O Be7 9. f3 Bd7 10. g4 Qc7 11. Be3 h6 12. h4 Ne5 13. Be2 Nc4 14. Bxc4 Qxc4
15. g5 hxg5 16. hxg5 Nh5 17. g6 f6 18. Rh2 O-O-O 19. Rdh1 Kb8 20. Rxh5 1-0

[Event "Julian Mazur Memorial"]
[Site "Wellington Chess Club"]
[Date "2025.08.21"]
[Round "4"]
[White "Dhamodharam, Aadhav"]
[Black "Ulm, Joy"]
[Result "0-1"]
[WhiteFideId "33474575"]
[BlackFideId "4321081"]
[WhiteElo "1620"]
[BlackElo "1636"]
[PlyCount "48"]
[SourceVersionDate "2025.08.23"]
[AlgoUpdates "WhiteFideId=loc-match BlackFideId=loc-match"]

1. e4 e5 2. Nf3 Nc6 3. Bc4 Bc5 4. O-O Nf6 5. d4 Bxd4 6. Nxd4 Nxd4 7. f4 d6 8.
f5 O-O 9. c3 Nc6 10. Qf3 Na5 11. Na3 b6 12. Bg5 Nxc4 13. Nxc4 Ba6 14. Ne3 Bxf1
15. Ng4 Ba6 16. Nxf6+ gxf6 17. Bh6 Kh8 18. Re1 Rg8 19. Re3 Rg5 20. Qh3 d5 21.
Qh4 dxe4 22. Rxe4 Rxf5 23. h3 Qd1+ 24. Kh2 Qh5 0-1

[Event "Julian Mazur Memorial"]
[Site "Wellington Chess Club"]
[Date "2025.08.21"]
[Round "4"]
[White "Ker, Anthony"]
[Black "Dive, Russell"]
[Result "1/2-1/2"]
[WhiteElo "2287"]
[BlackElo "2278"]
[PlyCount "67"]
[SourceVersionDate "2025.08.23"]

1. e4 c6 2. Nf3 d5 3. exd5 cxd5 4. Ne5 Nc6 5. Bb5 Bd7 6. Nxd7 Qxd7 7. d4 a6 8.
Ba4 b5 9. Bb3 e6 10. Bf4 Nf6 11. O-O Bd6 12. Bxd6 Qxd6 13. c3 O-O 14. Nd2 e5
15. dxe5 Nxe5 16. Nf3 Nc4 17. Qc2 Rfe8 18. Rfe1 h6 19. Rad1 Rxe1+ 20. Rxe1 Re8
21. Rxe8+ Nxe8 22. a4 Nf6 23. Qe2 Qf4 24. axb5 axb5 25. g3 Qc1+ 26. Kg2 Nxb2
27. Qxb5 Qxc3 28. Bxd5 Nxd5 29. Qe8+ Kh7 30. Qe4+ g6 31. Qxd5 Qc4 32. Qb7 Nd3
33. Nd2 Qe6 34. Qe4 1/2-1/2

[Event "Julian Mazur Memorial"]
[Site "Wellington Chess Club"]
[Date "2025.08.21"]
[Round "4"]
[White "Van der Hoorn, Thomas"]
[Black "Benitez, Edgar"]
[Result "1-0"]
[WhiteFideId "4314565"]
[BlackFideId "4301315"]
[WhiteElo "2075"]
[BlackElo "1829"]
[PlyCount "55"]
[SourceVersionDate "2025.08.23"]
[AlgoUpdates "WhiteFideId=loc-match BlackFideId=loc-match"]

1. Nf3 Nf6 2. c4 c5 3. Nc3 Nc6 4. d4 d6 5. e4 Bg4 6. d5 Ne5 7. Be2 Nxf3+ 8.
Bxf3 Bd7 9. Bf4 Qc7 10. Qe2 O-O-O 11. e5 dxe5 12. Bxe5 Qb6 13. O-O e6 14. a3
Bd6 15. b4 exd5 16. Bxf6 gxf6 17. Nxd5 Qa6 18. Rab1 b6 19. Nxf6 Bf5 20. Rbd1
Qa4 21. Rxd6 Rxd6 22. Qe5 Rhd8 23. Qxf5+ Kb8 24. bxc5 bxc5 25. Rb1+ Rb6 26.
Qe5+ Kc8 27. Qxc5+ Kb8 28. Rxb6+ 1-0

[Event "Julian Mazur Memorial"]
[Site "Wellington Chess Club"]
[Date "2025.08.21"]
[Round "4"]
[White "Archer, Ollie"]
[Black "Evans, Oliver"]
[Result "0-1"]
[WhiteFideId "4317262"]
[BlackFideId "4311949"]
[WhiteElo "2261"]
[BlackElo "1680"]
[PlyCount "88"]
[SourceVersionDate "2025.08.23"]
[AlgoUpdates "WhiteFideId=loc-match BlackFideId=loc-match"]

1. e4 c5 2. Nf3 e6 3. d4 cxd4 4. Nxd4 a6 5. Nc3 Qc7 6. Be3 Nf6 7. Bd3 b5 8. e5
Qxe5 9. Qf3 Ra7 10. Qf4 Qxf4 11. Bxf4 Ra8 12. O-O Bb7 13. Rfe1 Nc6 14. Nxc6
Bxc6 15. Ne4 Nxe4 16. Bxe4 Bxe4 17. Rxe4 d5 18. Rd4 Kd7 19. a4 Bc5 20. Rd3 Rhc8
21. axb5 axb5 22. Rxa8 Rxa8 23. Kf1 Kc6 24. Rg3 Bd4 25. c3 Bf6 26. Bg5 Be5 27.
Rf3 f6 28. Bf4 Bxf4 29. Rxf4 Ra2 30. Rb4 Ra4 31. Rb3 Kc5 32. Ke2 Kc4 33. Rb4+
Rxb4 34. cxb4 Kb3 35. Kd3 e5 36. f4 Kxb2 37. f5 Kb3 38. g4 Kxb4 39. h4 Kc5 40.
g5 h6 41. gxf6 gxf6 42. Ke3 b4 43. Kf3 h5 44. Ke3 b3 0-1

[Event "Julian Mazur Memorial"]
[Site "Wellington Chess Club"]
[Date "2025.08.21"]
[Round "4"]
[White "Konduri, Rishi"]
[Black "Forster, Bill"]
[Result "0-1"]
[WhiteElo "1129"]
[BlackElo "1893"]

1. d4 c5 2. d5 e5 3. c4 f5 4. e4 d6 5. exf5 Bxf5 6. g3 Nf6 7. Bg2 Be7 8. Nc3
O-O 9. Nf3 h6 10. O-O Nbd7 11. Be3 a6 12. Rc1 Qe8 13. Re1 Qh5 14. Nh4 Qxd1 15.
Rcxd1 Bh7 16. Bh3 Rfb8 17. Be6+ Kh8 18. Bf7 b5 19. cxb5 axb5 20. Bg6 b4 21. Ne2
Rxa2 22. Rb1 Nxd5 23. Red1 Nxe3 24. fxe3 Bxh4 25. Bxh7 Bg5 26. Bf5 Bxe3+ 27.
Kg2 Nf6 28. Rxd6 Bd4 29. b3 $4 Rxe2+ 30. Kh3 e4 31. Re6 e3 32. Bd3 Rd2 33. Ba6
Re8 34. Rxe8+ Nxe8 35. Re1 Nf6 36. Bc4 Ne4 37. Kg4 g6 38. Kf4 Nc3 39. h4 Rd1
40. Rxe3 Bxe3+ 41. Kxe3 Kg7 42. Be2 Nxe2 43. Kxe2 Rc1 44. g4 Rc3 45. h5 Rxb3
46. hxg6 c4 47. Kd2 Rg3 48. Kc2 Rxg4 49. Kd2 h5 50. Ke3 h4 51. Kf3 h3 52. Kxg4
h2 53. Kg5 h1=Q 54. Kg4 Qf1 55. Kg3 Kxg6 56. Kh2 Qf3 57. Kg1 Qe2 58. Kh1 Kg5
59. Kg1 Kg4 60. Kh1 Kg3 0-1